Metody budzetowania sfery nieprodukcyjnej
Gespeichert in:
| 1. Verfasser: | |
|---|---|
| Format: | Buch |
| Sprache: | Polnisch |
| Veröffentlicht: |
Kraków
Akademia ekonomiczna
1983
|
| Schriftenreihe: | Zeszyty naukowe
nr. 60 |
| Tags: |
Keine Tags, Fügen Sie das erste Tag hinzu!
|
MARC
| LEADER | 00000nam a2200000 4500 | ||
|---|---|---|---|
| 001 | c114220 | ||
| 005 | 20041019155158.0 | ||
| 041 | 0 | |a pol | |
| 044 | |a PL | ||
| 245 | 1 | 0 | |a Metody budzetowania sfery nieprodukcyjnej |c Stanislaw Owsiak |
| 264 | 1 | |a Kraków |b Akademia ekonomiczna |c 1983 | |
| 300 | |a 206 s. | ||
| 490 | 1 | |a Zeszyty naukowe |v nr. 60 | |
| 830 | 0 | |a Zeszyty naukowe |v nr. 60 | |
| 100 | 1 | |a Owsiak, Stanislaw | |